| 000 | 00851nam a22001337a 4500 | ||
|---|---|---|---|
| 999 |
_c529720 _d529720 |
||
| 008 | 250506b ||||| |||| 00| 0 eng d | ||
| 100 |
_a Gupta, Krishna Kuamr _952753 |
||
| 245 | _aUnion budget 2025-26: Some reflections | ||
| 260 | _aThe Cooperator | ||
| 300 | _a62(8), Feb, 2025: p.15-19 | ||
| 520 | _a The union budget 2025-26 has been received with a lot of enthusiasm and interest by all those interned with various sectors of the national economy in general. The budget has fussed on five major planks namely accelerating the growth, securing inclusive development, invigorating private sector investments, uplifting the household sentiments and enchasing spending power of India’s rising middle class amidst the clouds of lower global economic growth owner the medium term. – Reproduced | ||
| 773 | _aThe Cooperator | ||
| 942 | _cAR | ||